000 00750nam a2200253Ia 4500
003 OSt
005 20220928124056.0
006 a|||||r|||| 00| 0
007 ta
008 220927b |||||||| |||| 00| 0 eng d
020 _c795
024 _a109138
037 _b48, 27/08/2010, Sunrise Books
_cTextual
040 _aSDCL
_cSDCL
_beng
041 _2eng
_aeng
082 _aV2:24'P, Q0
100 _aMehra Ajay K Ed.
_9417811
245 0 _aEmerging trends in Indian politics
_b The 15th general election.
260 _aNew Delhi
_bRoutledge
_c2010
300 _axv,381p
_ccm.
650 _aPolitical Science
942 _hV2:24'P, Q0
_cTEXL
_2CC
999 _c776200
_d776200